| 000 | 01290aam a2200301 i 4500 | ||
|---|---|---|---|
| 999 |
_c45228 _d45228 |
||
| 001 | 768714001 | ||
| 003 | CO-MdFUSB | ||
| 005 | 20240618062714.0 | ||
| 008 | 190812t2012 enk ||| |||| 00| 0 eng d | ||
| 020 | _a9781844745777 | ||
| 040 |
_bspa. _aCO-MdFUSB _cCO-MdFUSB _dCO-MdFUSBC _erda |
||
| 041 | _aeng | ||
| 082 | 0 | 4 |
_a26 _2266 _bC933ch |
| 245 | 1 | 0 |
_aChrist our reconciler : _bgospel, church, world _c/ Editado por J. E. M. Cameron |
| 264 | 1 |
_aNottingham, England : _bInterVarsity Press, _c[2012] |
|
| 264 | 4 | _c© 2012 | |
| 300 |
_a218 páginas _c; 23 cm |
||
| 336 |
_atexto _btxt _2rdacontent |
||
| 337 |
_2rdamedia _asin mediación _bn |
||
| 338 |
_2rdacarrier _avolumen _bnc |
||
| 500 | _aThe Third Lausanne Congress on World Evangelization | ||
| 505 | 0 | _aLa evangelización del mundo. -- Comunicar la verdad de Cristo. -- Construir la paz de Cristo. -- Comunicar el amor de Cristo a personas de otras religiones. -- Entender la voluntad de Dios para la evangelización. -- La necesidad de la iglesia para volver a los valores de la humildad, la integridad y la simplicidad. -- Asociarse en el cuerpo de cristo hacia un nuevo equilibrio global | |
| 563 | _aRústico | ||
| 650 | 0 |
_aMisiones _9154 |
|
| 700 |
_92231 _aCameron, J.E.M. _eeditor |
||
| 942 | _cBK | ||
| 945 | _aJTF-925 | ||